| 000 | 00630nam a2200193 i 4500 | ||
|---|---|---|---|
| 001 | 183471 | ||
| 003 | ES-MaACL | ||
| 005 | 20230906221911.0 | ||
| 008 | 140626q1913 sp |||| | spa d | ||
| 080 | _a821.111-32"18" | ||
| 100 | 1 |
_aTracy, Louis. _9154870 |
|
| 245 | 1 | 3 |
_aLa rueda de la fortuna / _cnovela escrita en inglés por Luis Tracy. |
| 260 |
_aMadrid : _b[s.n., _cca. 1913] |
||
| 300 |
_a80 p. : _bil. ; _c26 cm. |
||
| 490 | 1 | _aBiblioteca de Alrededor del Mundo | |
| 830 | 0 |
_aBiblioteca de Alrededor del Mundo _9187712 |
|
| 852 |
_aES-MaACL _jG-6063(5) _z.- Encuadernado con otras obras |
||
| 999 |
_c183471 _d183471 |
||